Goodwill's 50 detective stories / (Record no. 26338)

MARC details
000 -LEADER
fixed length control field 01244nam a22002777a 4500
005 - DATE AND TIME OF LATEST TRANSACTION
control field 20080602112520.0
008 - FIXED-LENGTH DATA ELEMENTS--GENERAL INFORMATION
fixed length control field 080602t xxu||||| |||| 00| 0 eng d
010 ## - LCCN (DPL NO)
LC control number B-283156
020 ## - INTERNATIONAL STANDARD BOOK NUMBER
International Standard Book Number 817245399X
Terms of availability 95.00
020 ## - INTERNATIONAL STANDARD BOOK NUMBER
International Standard Book Number 9788172453992
Terms of availability 95.00
035 ## - SYSTEM CONTROL NUMBER
System control number B-283156
037 ## - SOURCE OF ACQUISITION
Source of stock number/acquisition Goodwill Pub. House
040 ## - CATALOGING SOURCE
Original cataloging agency DPL
Language of cataloging EN
082 ## - DEWEY DECIMAL CLASSIFICATION NUMBER
Classification number S
100 ## - MAIN ENTRY--PERSONAL NAME
Personal name Weinberg, Robert
245 ## - TITLE STATEMENT
Title Goodwill's 50 detective stories /
Statement of responsibility, etc by Robert Weinberg, Stefan Dziemianowicz [and] Martin H. Greenberg
260 ## - PUBLICATION, DISTRIBUTION, ETC. (IMPRINT)
Place of publication, distribution, etc New Delhi
Name of publisher, distributor, etc Goodwill Publishing House
Date of publication, distribution, etc (200?)
270 ## - ADDRESS
Address B-3, Rattan Jyoti, 18 Rajendra Place,
City New Delhi
Postal code 110008
Telephone number 25750801, 25755519, 25820556
Fax number 91-11-25763428
Electronic mail address goodwillpub@vsnl.net
300 ## - PHYSICAL DESCRIPTION
Extent viii, 269p.
Dimensions 23cm.(pbk)
700 ## - ADDED ENTRY--PERSONAL NAME
Personal name Dziemianowicz, Stefan
700 ## - ADDED ENTRY--PERSONAL NAME
Personal name Greenberg, Martin H.
700 ## - ADDED ENTRY--PERSONAL NAME
Personal name Greenberg, Martin H.
942 ## - ADDED ENTRY ELEMENTS (KOHA)
Source of classification or shelving scheme Dewey Decimal Classification
Item type English Books
Classification part S
Call number suffix WEI
Holdings
Withdrawn status Lost status Source of classification or shelving scheme Damaged status Not for loan Collection code Home library Current library Date acquired Source of acquisition Cost, normal purchase price Total Checkouts Total Renewals Full call number Barcode Date last seen Copy number Cost, replacement price Koha item type
    Dewey Decimal Classification     Fiction Vinoba Puri Vinoba Puri 13/05/2009 Goodwill Pub.House/4327/23.7.08/129/21.7.08/28.7.08 95.00 44 8 S WEI B-283156 30/11/2024 1 95.00 Children Books

© Delhi Public Library
Hit Counter
free hit counter